| 000 | 01431cam a2200433Mi 4500 | ||
|---|---|---|---|
| 001 | 98928 | ||
| 005 | 20230410143203.0 | ||
| 008 | 040701s2004 sp b 000 0 spa d | ||
| 035 | _a(OCoLC)ocm55883432 | ||
| 040 |
_aPL# _bspa _cPL# _dOCLCQ _dBAKER _dBTCTA _dYDXCP _dBNM _dESUDE |
||
| 019 | _a630843265 | ||
| 020 | _a8493384917 | ||
| 020 | _a9788493384913 | ||
| 029 | 0 |
_aPL# _b8493384917 |
|
| 035 |
_a(OCoLC)55883432 _z(OCoLC)630843265 |
||
| 080 | _a94(100)"19" | ||
| 049 | _aGRAL | ||
| 050 | 1 | 4 | _abR275d 2004 |
| 100 | 1 | _aRayner, Ed. | |
| 245 | 1 | 0 |
_aDesmontando la historia / _cEd Rayner, Ron Stapley ; traducciâon de Josâe Antonio Bravo. |
| 260 |
_aTeiáa : _bVolter, _cc2004. |
||
| 300 |
_a284 p. ; _c24 cm. |
||
| 490 | 1 | _aConfrontación | |
| 500 | _aTâitulo original: Debunking history. | ||
| 504 | _aBibliografía: p. [281]-284. | ||
| 653 |
_aHistoria _aErrores, invenciones, etc. |
||
| 650 | 7 |
_aHistoria _xErrores, invenciones, etc. _2embne |
|
| 650 | 0 | 4 | _aHistoria moderna y contemporánea. |
| 700 | 1 |
_aStapley, Ron, _eaut. |
|
| 700 | 1 |
_aBravo, Josâe Antonio, _etr. |
|
| 830 | 0 | _aConfrontación. | |
| 938 |
_aPuvill Libros _bPUVL _n8493384917 _c$28.79 |
||
| 938 |
_aBaker and Taylor _bBTCP _nBK0006960375 |
||
| 938 |
_aYBP Library Services _bYANK _n2673852 |
||
| 938 |
_aBaker & Taylor _bBKTY _c79.95 _d79.95 _i8493384917 _n0006960375 _sactive |
||
| 942 |
_2lcc _cbk |
||
| 946 | _aMAT | ||
| 994 |
_aC0 _bDRFGD |
||
| 999 |
_c97323 _d97323 |
||